Real British Place Names (or not!) SUDDEN DEATH - Statistics

General Stats
  • This quiz has been taken 44 times
  • The average score is 4 of 15
Answers on the Grid
Answers color-coded by a green-red scale on the quiz's grid according to % correct below.
Henry's Bottom
Bell End
Crackpot
Trumpton
Shitterton
Fingringhoe
Freakway
Wetwang
Butt Hole Road
Koff
Brown Willy
Pooptly
Twatt
Dull
Cocks
Bigger Wallop
Sexton
Crapstone
Boggy Bottom
Winker's End
Penistone
Buggarton
Bitchfield
Soapster
Prickwillow
 
Answer Stats
Answer % Correct
Penistone
50%
Shitterton
47%
Twatt
45%
Wetwang
45%
Fingringhoe
34%
Bell End
32%
Dull
26%
Boggy Bottom
18%
Brown Willy
18%
Butt Hole Road
18%
Crapstone
13%
Cocks
11%
Prickwillow
11%
Crackpot
8%
Bitchfield
3%
No matching quizzes found
Score Distribution
Percent of People with Each Score
Percentile by Number Answered
Your Score History
You have not taken this quiz